000 01781nam a2200469 i 4500
001 63543
003 FlNmELB
005 20241217142341.0
006 m o d |
007 cr cnu||||||||
008 160714s2011 sp o 001 0 spa d
020 _a9788427717824 (e-book)
020 _z9788427715981
035 _a(OCoLC)1198300941
040 _aFINmELB
_bspa
_erda
_cFINmELB
050 4 _aLB1042
_bA265 2011
080 _a372
082 0 _a372.677
_223
100 1 _aAgüera Espejo-Saavedra, Isabel.
245 1 0 _aCuentos y teatrillos en verde :
_bmedioambiente, ecología y otros valores /
_cIsabel Agüera Espejo-Saavedra.
264 1 _aMadrid :
_bNarcea Ediciones,
_c2011.
300 _a1 recurso en línea (142 páginas)
336 _atexto
_btxt
_2rdacontent/spa
337 _acomputadora
_bc
_2rdamedia/spa
338 _arecurso en línea
_bcr
_2rdacarrier/spa
490 1 _aColección Herramientas Narcea
500 _aIncluye índice.
588 _aDescripción basada en el editor de metadatos y otras fuentes.
590 _aRecurso electronico. Santa Fe, Arg. : elibro, 2016. Disponible via World Wide Web. El acceso puede ser limitado para las bibliotecas afiliadas a elibro.
650 0 _aEcology
_xStudy and teaching
_xActivity programs.
650 4 _aEcología
_xEnseñanza y aprendizaje
_xProgramas de actividades.
650 0 _aShort stories.
650 4 _aCuentos.
650 0 _aStorytelling in education.
650 4 _aNarración de cuentos en educación.
650 0 _aDrama in education.
650 4 _aTeatro en educación.
655 4 _aLibros electronicos.
797 2 _aelibro, Corp.
830 0 _aColección Herramientas Narcea.
856 4 0 _uhttps://elibro.net/ereader/politecnicointernacional/107823
_zClick to View
999 _c63543
_d63543